000 00907nam a2200241Ia 4500
005 20211108100508.0
008 130821s1979 ck gr 1 spa d
040 _aCo-BoUCM
_bspa
_cSandra Palacio (modificó)
_d[Nuevo]
041 0 _aspa
245 _aCódigo electoral
_cCompilación Jorge Mario Eastman
260 _aBogotá (Colombia)
_bCámara de Representantes
_bEditorial Retina Ltda.
_c1979
300 _a162 páginas
490 0 _aPensadores Políticos Colombianos
_v24
500 _aIncluye índice
650 0 4 _aCiencia política
_zColombia
_931246
650 7 _aElecciones
_xLegislación
_zColombia
_913957
650 7 _aSufragio
_xLegislación
_zColombia
_924927
650 7 _aVoto
_xLegislación
_zColombia
_926369
690 _aCiencia política
_9340
700 1 _aEastman, Jorge Mario
_ecompilador
_996853
942 _cLIBRO
_a6
_e1
_mE17
_2DEWEY
_h324.861
999 _c6534
_d6534